RAILWAY MANUAL (Record no. 547325)
[ view plain ]
| 000 -LEADER | |
|---|---|
| fixed length control field | 00352 a2200133 4500 |
| 082 ## - DEWEY DECIMAL CLASSIFICATION NUMBER | |
| Classification number | 625.26 RAI |
| Author Mark | L-18-P-10 |
| 090 ## - LOCALLY ASSIGNED LC-TYPE CALL NUMBER (OCLC); LOCAL CALL NUMBER (RLIN) | |
| -- | 3262 |
| -- | 3262 |
| 245 ## - TITLE STATEMENT | |
| Title | RAILWAY MANUAL |
| 260 ## - PUBLICATION, DISTRIBUTION, ETC. | |
| Name of publisher, distributor, etc. | BIRMINGHAM |
| Date of publication, distribution, etc. | BRITISH TIMKEN LTD |
| 300 ## - PHYSICAL DESCRIPTION | |
| Extent | 118P. HB |
| Other physical details | ILL |
| Dimensions | 25CM |
| 500 ## - GENERAL NOTE | |
| General note | RAILWAY |
| 526 ## - STUDY PROGRAM INFORMATION NOTE | |
| Program name | 0 |
| Interest level | 0 |
| Reading level | 0 |
| Title point value | 625_260000000000000_RAI |
| 942 ## - ADDED ENTRY ELEMENTS (KOHA) | |
| Source of classification or shelving scheme | |
| Institution code [OBSOLETE] | MCE |
| Koha item type | |
| Call number prefix | 625.26 RAI |
| Withdrawn status | Lost status | Source of classification or shelving scheme | Damaged status | Not for loan | Permanent Location | Current Location | Date acquired | Total Checkouts | Full call number | Barcode | Date last seen | Price effective from | Koha item type |
|---|---|---|---|---|---|---|---|---|---|---|---|---|---|
| Military College of Engineering (MCE) | Military College of Engineering (MCE) | 07/08/2014 | 625.26 RAI | MCE-40504 | 07/08/2014 | 07/08/2014 |
